2011 año internacional de la afro descendencia /
Salvato in:
| Autore principale: | |
|---|---|
| Natura: | testo |
| Tags: |
Aggiungi Tag
Nessun Tag, puoi essere il primo ad aggiungerne!!
|
MARC
| LEADER | 00000 a a2200000 04500 | ||
|---|---|---|---|
| 001 | 44085 | ||
| 003 | |||
| 040 | |||
| 100 | |a Linox Mitchell, Julie | ||
| 245 | |a 2011 año internacional de la afro descendencia / |c Julie Linox Mitchell | ||
| 773 | |g número13 (Junio , 2011), páginas 14-15, fotografías | ||
| 999 | |c 38822 |d 38822 | ||
